|
|
|
|
| LEADER |
00000cas a2200000 a 4500 |
| 001 |
vtls001222863 |
| 003 |
SK-MaSNL |
| 005 |
20260228162023.0 |
| 008 |
160329c1975199uit fr|p 0 0b0slo |
| 015 |
|
|
|a SNBZSA1999-00030
|
| 035 |
|
|
|a SNK000168602
|
| 040 |
|
|
|a SNK
|b slo
|c SNK
|e AACR2
|
| 041 |
0 |
|
|a slo
|
| 044 |
|
|
|a it
|c IT
|
| 072 |
|
7 |
|a 27-78
|x Kresťanské združenia, spolky a organizácie. Rehoľné rády
|2 konspekt
|
| 080 |
|
|
|a 2‑788-051-055.2
|2 2011
|
| 080 |
|
|
|a 050
|2 2001
|
| 080 |
|
|
|a 2(051)
|2 2011
|
| 245 |
0 |
0 |
|a Magnifikat
|b bulletin slovenských rehoľných sestier
|
| 260 |
|
|
|a Rím
|b Slovenský ústav svätého Cyrila a Metoda
|c 1975-[199-]
|
| 300 |
|
|
|a zv.
|c 21 cm
|
| 310 |
|
|
|a 2x ročne
|
| 362 |
0 |
|
|a 1975-[199-]
|
| 650 |
0 |
7 |
|a rehoľníčky
|2 SNKPH
|9 59324
|
| 655 |
|
7 |
|a náboženské časopisy
|2 SNKPH
|9 70790
|
| 655 |
|
7 |
|a bulletiny
|2 SNKPH
|9 70453
|
| 850 |
|
|
|a Slovenská národná knižnica v Martine
|
| 910 |
|
|
|a snk
|
| 999 |
|
|
|c 6495
|d 8425
|
| 952 |
|
|
|0 0
|1 0
|4 0
|7 0
|8 2
|a SNK
|b SNK
|d 2023-10-12
|i snkV 2139/92
|l 0
|o snkČSD 1824/16/1991
|p 17A0874514
|r 2026-02-21 19:29:40
|w 2026-02-21
|y PREZ
|
| 952 |
|
|
|0 0
|1 0
|4 0
|7 0
|a SNK
|b SNK
|d 2000-03-16
|l 0
|o snkČSD 1824/1/1975
|p 17A0231241
|r 2005-01-02 00:00:00
|w 2026-02-21
|y PREZ
|
| 952 |
|
|
|0 0
|1 0
|4 0
|7 0
|a SNK
|b SNK
|d 2000-03-16
|l 0
|o snkČSD 1824/3/1977
|p 17A0231242
|r 2005-01-02 00:00:00
|w 2026-02-21
|y PREZ
|
| 952 |
|
|
|0 0
|1 0
|4 0
|7 0
|8 1
|a SNK
|b SNK
|d 1998-03-02
|i snkD 686/98
|l 0
|o snkČSD 1824/[2]/1976
|p 17A0125700
|r 2005-01-01 00:00:00
|w 2026-02-21
|y PREZ
|
| 952 |
|
|
|0 0
|1 0
|4 0
|7 0
|8 1
|a SNK
|b SNK
|d 1998-03-02
|i snkD 687/98
|l 0
|o snkČSD 1824/[13]/1988
|p 17A0125699
|r 2005-01-01 00:00:00
|w 2026-02-21
|y PREZ
|